[Event "Krakow op-A 34th"]
[Site "Krakow"]
[Date "2024.01.02"]
[Round "7"]
[White "Buchenau, Frank"]
[Black "Luczak, Filip"]
[Result "1-0"]
[WhiteElo "2135"]
[BlackElo "2319"]
[PlyCount "125"]
[EventDate "2023.12.27"]
[EventType "swiss"]
[EventRounds "9"]
[EventCountry "POL"]
[SourceTitle "CB02_2024"]
[SourceDate "2024.01.10"]
[SourceVersion "1"]
[SourceVersionDate "2024.01.10"]
[SourceQuality "1"]

1. e4 d6 2. d4 Nd7 3. f4 e5 4. Nf3 Ngf6 5. Nc3 exd4 6. Qxd4 c6 7. Be3 d5 8. exd5 Bc5 9. Qd3 Qe7 10. Kd2 cxd5 11. Re1 0-0 12. Bxc5 Qxc5 13. Qd4 Qa5 14. Bd3 Nb6 15. Kc1 Bd7 16. Ne5 Rac8 17. g4 Bc6 18. g5 Ne4 19. Nxc6 Rxc6 20. Nxe4 dxe4 21. Qxe4 g6 22. a3 Nd5 23. Qd4 Re6 24. Rxe6 fxe6 25. Qe5 Qb6 26. f5 gxf5 27. Re1 Nc7 28. h4 Rd8 29. h5 Qd6 30. Bc4 Qxe5 31. Rxe5 Kg7 32. c3 Rd6 33. Kc2 h6 34. g6 Kf6 35. Ra5 Rc6 36. Be2 b6 37. Rxa7 e5 38. b4 Nd5 39. Rf7+ Ke6 40. c4 Nf4 41. Rf8 Rc7 42. Kd2 e4 43. Rb8 Ke5 44. Rxb6 Rd7+ 45. Ke3 Nxe2 46. Rb5+ Kf6 47. Kxe2 f4 48. a4 Rd3 49. Rb6+ Kg7 50. Rb7+ Kg8 51. Rb8+ Kg7 52. Rb7+ Kg8 53. Rb8+ Kg7 54. Rb7+ Kg8 55. Rf7 f3+ 56. Ke1 Ra3 57. b5 Ra1+ 58. Kd2 Ra2+ 59. Ke3 Re2+ 60. Kd4 Re1 61. b6 e3 62. Rxf3 e2 63. Ke3 1-0

[Event "Krakow op-A 34th"]
[Site "Krakow"]
[Date "2023.12.30"]
[Round "4"]
[White "Pniaczek, Marek"]
[Black "Luczak, Filip"]
[Result "0-1"]
[WhiteElo "2135"]
[BlackElo "2319"]
[PlyCount "80"]
[EventDate "2023.12.27"]
[EventType "swiss"]
[EventRounds "9"]
[EventCountry "POL"]
[SourceTitle "CB02_2024"]
[SourceDate "2024.01.10"]
[SourceVersion "1"]
[SourceVersionDate "2024.01.10"]
[SourceQuality "1"]

1. e4 d6 2. d4 Nd7 3. Nf3 g6 4. Bd3 Bg7 5. 0-0 e5 6. c3 Ngf6 7. Re1 0-0 8. h3 Re8 9. Nbd2 Nh5 10. Nf1 Nf4 11. Bc2 Qf6 12. N3h2 h5 13. Be3 Nf8 14. Qd2 g5 15. Ng3 N8g6 16. Bd1 Nh4 17. Nxh5 Qg6 18. Nxg7 Kxg7 19. Bxf4 exf4 20. f3 Rh8 21. e5 Nxg2 22. Bc2 Bf5 23. Bxf5 Qxf5 24. Qxg2 Rxh3 25. Nf1 Rah8 26. exd6 cxd6 27. Kf2 R8h4 28. Re2 g4 29. fxg4 Qg5 30. Re4 f3 31. Qg1 d5 32. Re5 Qf4 33. Ke1 Rxg4 34. Qf2 Rg2 35. Qe3 Re2+ 36. Qxe2 fxe2 37. Rxe2 Rh1 38. Rf2 Qe3+ 39. Re2 Rxf1+ 40. Kxf1 Qf3+ 0-1

[Event "Titled Tuesday intern op 24th Oct Late"]
[Site "Chess.com INT"]
[Date "2023.10.24"]
[Round "4"]
[White "Luczak, Filip"]
[Black "Ljubarov, Mark"]
[Result "1-0"]
[WhiteElo "2319"]
[BlackElo "2305"]
[PlyCount "49"]
[EventDate "2023.10.24"]
[EventType "swiss (blitz)"]
[EventRounds "11"]
[EventCountry "USA"]
[SourceTitle "Mega2024 Update 01"]
[Source "Chessbase"]
[SourceDate "2023.11.12"]
[SourceVersion "1"]
[SourceVersionDate "2023.11.12"]
[SourceQuality "1"]

1. d4 Nf6 2. Nc3 d5 3. Bf4 c5 4. e3 e6 5. Nb5 Na6 6. c3 Qb6 7. a4 c4 8. Nf3 Bd7 9. b4 Bxb5 10. axb5 Qxb5 11. Ra5 Qb6 12. Qa4+ Nd7 13. Ne5 Rd8 14. Rb5 Qc7 15. Ng6 Qc6 16. Nxh8 Nb6 17. Qa5 Be7 18. Be2 Kf8 19. 0-0 Kg8 20. Nxf7 Kxf7 21. e4 Kg8 22. exd5 Nxd5 23. Bf3 Rf8 24. Rxd5 exd5 25. Bxd5+ 1-0

[Event "Titled Tuesday intern op 26th Sep Late"]
[Site "Chess.com INT"]
[Date "2023.09.26"]
[Round "9"]
[White "Luczak, Filip"]
[Black "Kisic, Bozidar"]
[Result "0-1"]
[WhiteElo "2332"]
[BlackElo "2211"]
[PlyCount "32"]
[EventDate "2023.09.26"]
[EventType "swiss (blitz)"]
[EventRounds "11"]
[EventCountry "USA"]
[SourceTitle "EXT 2024"]
[Source "ChessBase"]
[SourceDate "2023.10.10"]
[SourceVersion "1"]
[SourceVersionDate "2023.10.10"]
[SourceQuality "1"]

1. b3 e6 2. Bb2 d5 3. e3 c6 4. Nf3 f5 5. c4 Nf6 6. cxd5 exd5 7. Be2 Bd6 8. 0-0 0-0 9. d4 Nbd7 10. Nc3 Ne4 11. Nxe4 fxe4 12. Ne5 Qe7 13. Nxd7 Bxd7 14. Qd2 Qh4 15. g3 Qh3 16. Rfe1 Rxf2 0-1

[Event "Titled Tuesday intern op 26th Sep Late"]
[Site "Chess.com INT"]
[Date "2023.09.26"]
[Round "11"]
[White "Zimmermann, Ulrich"]
[Black "Luczak, Filip"]
[Result "1-0"]
[WhiteElo "2280"]
[BlackElo "2332"]
[PlyCount "45"]
[EventDate "2023.09.26"]
[EventType "swiss (blitz)"]
[EventRounds "11"]
[EventCountry "USA"]
[SourceTitle "EXT 2024"]
[Source "ChessBase"]
[SourceDate "2023.10.10"]
[SourceVersion "1"]
[SourceVersionDate "2023.10.10"]
[SourceQuality "1"]

1. Nf3 g6 2. e3 Bg7 3. Be2 d6 4. 0-0 Nc6 5. d4 e5 6. c4 f5 7. b4 Nf6 8. b5 Ne7 9. Nc3 e4 10. Nd2 0-0 11. a4 c5 12. bxc6 bxc6 13. Ba3 Qd7 14. Rb1 Rd8 15. Qb3 Kh8 16. f3 d5 17. cxd5 Nexd5 18. Nxd5 cxd5 19. fxe4 dxe4 20. Bb5 Qe6 21. Bc4 Nd5 22. Rfc1 Bb7 23. Qxb7 1-0

[Event "Titled Tuesday intern op 19th Sep Late"]
[Site "Chess.com INT"]
[Date "2023.09.19"]
[Round "5"]
[White "Krzyzanowski, Marcin"]
[Black "Luczak, Filip"]
[Result "1-0"]
[WhiteElo "2512"]
[BlackElo "2332"]
[PlyCount "63"]
[EventDate "2023.09.19"]
[EventType "swiss (blitz)"]
[EventRounds "11"]
[EventCountry "USA"]
[SourceTitle "EXT 2024"]
[Source "ChessBase"]
[SourceDate "2023.10.10"]
[SourceVersion "1"]
[SourceVersionDate "2023.10.10"]
[SourceQuality "1"]

1. Nf3 g6 2. g3 Bg7 3. d4 c5 4. Bg2 cxd4 5. Nxd4 Nc6 6. Nb3 Nf6 7. c4 0-0 8. 0-0 d6 9. Nc3 Be6 10. Nd5 Bxd5 11. cxd5 Ne5 12. Nd4 Rc8 13. Bf4 Nh5 14. Bc1 Qb6 15. e3 Nf6 16. a4 a6 17. a5 Qc5 18. Bd2 Nfd7 19. Rc1 Qa7 20. Bc3 Nc5 21. Rc2 b5 22. Nc6 Nxc6 23. Bxg7 Nb4 24. Bxf8 Nxc2 25. Bh6 Nb3 26. Qd3 Nxa5 27. Rc1 Qc7 28. Be4 Nb4 29. Rxc7 Rxc7 30. Qd4 Rc1+ 31. Kg2 Na2 32. Qg7# 1-0

[Event "Titled Tuesday intern op 19th Sep Late"]
[Site "Chess.com INT"]
[Date "2023.09.19"]
[Round "6"]
[White "Luczak, Filip"]
[Black "Brilej, Jaka"]
[Result "1/2-1/2"]
[WhiteElo "2332"]
[BlackElo "2306"]
[PlyCount "78"]
[EventDate "2023.09.19"]
[EventType "swiss (blitz)"]
[EventRounds "11"]
[EventCountry "USA"]
[SourceTitle "EXT 2024"]
[Source "ChessBase"]
[SourceDate "2023.10.10"]
[SourceVersion "1"]
[SourceVersionDate "2023.10.10"]
[SourceQuality "1"]

1. d4 d5 2. Nc3 Nf6 3. Bf4 e6 4. e3 Bb4 5. Bd3 c5 6. dxc5 Bxc5 7. Nf3 0-0 8. 0-0 a6 9. e4 Nc6 10. Bg5 dxe4 11. Bxf6 Qxf6 12. Nxe4 Qe7 13. Nxc5 Qxc5 14. c3 e5 15. Qe2 f5 16. Ng5 h6 17. Bc4+ Kh8 18. Nf7+ Kh7 19. Ng5+ Kh8 20. Ne6 Bxe6 21. Bxe6 Rae8 22. Bd7 Re7 23. Rad1 e4 24. Bxc6 Qxc6 25. Rd4 f4 26. Rfd1 f3 27. Qe3 Qg6 28. g3 Qg4 29. Rd8 Ree8 30. Rxe8 Rxe8 31. Kh1 Re5 32. Qf4 Qh3 33. Rg1 Rh5 34. g4 Rg5 35. Qxe4 h5 36. Qe8+ Kh7 37. Qe4+ Kh8 38. Qe8+ Kh7 39. Qe4+ Kh8 1/2-1/2

[Event "Titled Tuesday intern op 19th Sep Late"]
[Site "Chess.com INT"]
[Date "2023.09.19"]
[Round "7"]
[White "Rangel, Daniel"]
[Black "Luczak, Filip"]
[Result "0-1"]
[WhiteElo "2204"]
[BlackElo "2332"]
[PlyCount "100"]
[EventDate "2023.09.19"]
[EventType "swiss (blitz)"]
[EventRounds "11"]
[EventCountry "USA"]
[SourceTitle "EXT 2024"]
[Source "ChessBase"]
[SourceDate "2023.10.10"]
[SourceVersion "1"]
[SourceVersionDate "2023.10.10"]
[SourceQuality "1"]

1. c4 g6 2. g3 Bg7 3. Bg2 c5 4. Nc3 Nc6 5. e3 d6 6. Nge2 Nf6 7. 0-0 0-0 8. b3 Rb8 9. Bb2 a6 10. d3 Bd7 11. Qd2 b5 12. Nd5 e6 13. Nxf6+ Bxf6 14. Bxf6 Qxf6 15. Nc3 b4 16. Ne4 Qe7 17. f4 f5 18. Nf2 a5 19. d4 Rfd8 20. d5 exd5 21. cxd5 Na7 22. e4 fxe4 23. Nxe4 Bf5 24. Ng5 Nb5 25. Rae1 Qg7 26. Ne6 Bxe6 27. dxe6 Nd4 28. Bd5 Re8 29. Kh1 Re7 30. g4 Rf8 31. Qd3 Kh8 32. f5 gxf5 33. gxf5 Qf6 34. Be4 Rg8 35. Qe3 Rg4 36. Rg1 Rxg1+ 37. Qxg1 d5 38. Bxd5 Qxf5 39. Qg2 Nxe6 40. Rf1 Qg5 41. Rf8+ Kg7 42. Qxg5+ Nxg5 43. Rg8+ Kf6 44. Rc8 Re2 45. Rxc5 Rxa2 46. Bc4 Ne4 47. Rc6+ Ke5 48. Re6+ Kf4 49. h4 Kf3 50. Re7 Ng3+ 0-1

[Event "EU-ch U18 31st"]
[Site "Mamaia"]
[Date "2023.09.13"]
[Round "8"]
[White "Luczak, Filip"]
[Black "Ohanyan, Emin"]
[Result "0-1"]
[WhiteElo "2332"]
[BlackElo "2490"]
[PlyCount "114"]
[EventDate "2023.09.05"]
[EventType "swiss"]
[EventRounds "9"]
[EventCountry "ROU"]
[SourceTitle "EXT 2024"]
[Source "ChessBase"]
[SourceDate "2023.10.10"]
[SourceVersion "1"]
[SourceVersionDate "2023.10.10"]
[SourceQuality "1"]

1. d4 Nf6 2. Nc3 d5 3. Bf4 e6 4. e3 a6 5. g4 c5 6. g5 Nfd7 7. h4 Nc6 8. Nf3 b5 9. a3 Bb7 10. h5 Nb6 11. h6 g6 12. dxc5 Bxc5 13. b4 Bd6 14. Bxd6 Qxd6 15. Ne4 Qc7 16. Nf6+ Ke7 17. Qd2 Ne5 18. Nxe5 Qxe5 19. Qd4 Qxd4 20. exd4 Nd7 21. Nxd7 Kxd7 22. Rh3 Rhf8 23. a4 bxa4 24. Rxa4 f6 25. Rha3 fxg5 26. Bxa6 Rab8 27. Bb5+ Kc7 28. Re3 Rf6 29. Be2 Rbf8 30. f3 Re8 31. b5 Kb6 32. Re5 Rf4 33. Rxg5 Rh4 34. Ra3 Rxd4 35. Re3 Kc5 36. Rg4 Rxg4 37. fxg4 e5 38. Rf3 Re7 39. Rf8 d4 40. Rg8 Bd5 41. Rg7 Rf7 42. Bd3 Rf3 43. Rxh7 Rh3 44. Rh8 e4 45. Bf1 Rh1 46. Rc8+ Kb6 47. c4 e3 48. h7 d3 49. h8Q d2+ 50. Ke2 Rxh8 51. c5+ Ka5 52. Rxh8 Bf3+ 53. Kxf3 d1Q+ 54. Kxe3 Qxf1 55. b6 Qc1+ 56. Ke4 Qc4+ 57. Kf3 Qc3+ 0-1

[Event "POL-ch Rapid U18"]
[Site "Bydgoszcz"]
[Date "2023.08.30"]
[Round "7"]
[White "Czernek, Tymon"]
[Black "Luczak, Filip"]
[Result "1/2-1/2"]
[WhiteElo "2156"]
[BlackElo "2275"]
[PlyCount "96"]
[EventDate "2023.08.28"]
[EventType "swiss"]
[EventRounds "11"]
[EventCountry "POL"]
[SourceTitle "EXT 2024"]
[Source "ChessBase"]
[SourceDate "2023.10.10"]
[SourceVersion "1"]
[SourceVersionDate "2023.10.10"]
[SourceQuality "1"]

1. e4 d6 2. d4 Nd7 3. Nc3 a6 4. f4 b5 5. Nf3 Bb7 6. Bd3 c5 7. d5 g6 8. a4 b4 9. Nb1 Bg7 10. Nbd2 Ngf6 11. a5 0-0 12. Nc4 Qc7 13. 0-0 e6 14. e5 dxe5 15. d6 Qc6 16. fxe5 Ng4 17. Re1 Qd5 18. Bf4 f6 19. h3 Ngxe5 20. Bxe5 fxe5 21. Be4 Qxe4 22. Rxe4 Bxe4 23. Qe2 Bxf3 24. gxf3 Rab8 25. Nb6 Nxb6 26. axb6 e4 27. Qxe4 Rxb6 28. Qxe6+ Kh8 29. Qe7 Rbb8 30. d7 Bxb2 31. Re1 Bf6 32. Qd6 Rbd8 33. Re8 Bd4+ 34. Kf1 Rdxe8 35. dxe8Q Rxe8 36. Qxa6 Rf8 37. Kg2 Kg7 38. h4 h5 39. Qc6 Kh6 40. Qe4 Rf5 41. f4 Bg7 42. Kg3 Kh7 43. Qe7 Rd5 44. Kf3 Rf5 45. Ke4 Kh6 46. Qe8 c4 47. Qb8 b3 48. cxb3 cxb3 1/2-1/2

[Event "POL-ch Rapid U18"]
[Site "Bydgoszcz"]
[Date "2023.08.30"]
[Round "11"]
[White "Luczak, Filip"]
[Black "Klimkowski, Jan"]
[Result "1/2-1/2"]
[WhiteElo "2275"]
[BlackElo "2347"]
[PlyCount "50"]
[EventDate "2023.08.28"]
[EventType "swiss"]
[EventRounds "11"]
[EventCountry "POL"]
[SourceTitle "EXT 2024"]
[Source "ChessBase"]
[SourceDate "2023.10.10"]
[SourceVersion "1"]
[SourceVersionDate "2023.10.10"]
[SourceQuality "1"]

1. d4 Nf6 2. Nc3 d5 3. Bf4 e6 4. e3 a6 5. g4 c5 6. g5 Nfd7 7. h4 Nc6 8. Nf3 b5 9. dxc5 Bxc5 10. h5 Bb7 11. h6 g6 12. Qd2 Qa5 13. Nd4 Be7 14. Nxc6 Bxc6 15. Bh3 Qb6 16. Ne2 Bb7 17. 0-0 Rc8 18. c3 0-0 19. Qd4 Qxd4 20. Nxd4 Nc5 21. b4 Nd3 22. Nxe6 fxe6 23. Bxe6+ Kh8 24. Bxc8 Rxc8 25. Rfd1 Nxf4 1/2-1/2

[Event "POL-ch Rapid U18"]
[Site "Bydgoszcz"]
[Date "2023.08.29"]
[Round "2"]
[White "Luczak, Filip"]
[Black "Wieczorek, Mikolaj"]
[Result "1/2-1/2"]
[WhiteElo "2275"]
[BlackElo "1877"]
[PlyCount "102"]
[EventDate "2023.08.28"]
[EventType "swiss"]
[EventRounds "11"]
[EventCountry "POL"]
[SourceTitle "EXT 2024"]
[Source "ChessBase"]
[SourceDate "2023.10.10"]
[SourceVersion "1"]
[SourceVersionDate "2023.10.10"]
[SourceQuality "1"]

1. Nf3 Nf6 2. c4 g6 3. g3 Bg7 4. Bg2 0-0 5. 0-0 d6 6. d4 c5 7. Nc3 Nc6 8. d5 Na5 9. Nd2 a6 10. Qc2 Rb8 11. Rb1 b5 12. b3 bxc4 13. bxc4 Rxb1 14. Qxb1 Nd7 15. Na4 Ne5 16. Qc2 Bf5 17. e4 Bd7 18. Nb2 e6 19. Nd3 exd5 20. Nxe5 Bxe5 21. exd5 Bf5 22. Be4 Bh3 23. Re1 Bg4 24. Nf1 f5 25. Bd3 Bh3 26. Bd2 Bxf1 27. Rxf1 f4 28. Qa4 Nb7 29. Be4 fxg3 30. hxg3 Bd4 31. Kg2 Qe7 32. f3 Nd8 33. Re1 Qa7 34. f4 Nf7 35. Bf3 Nh6 36. Qc6 Nf5 37. Bg4 Qb8 38. Bxf5 gxf5 39. Qd7 Qb2 40. Re2 Qb1 41. Qe6+ Kh8 42. Re1 Qd3 43. Qe2 Qa3 44. Bc1 Qc3 45. Bd2 Qa3 46. Rh1 Rg8 47. Be1 Qe3 48. Qxe3 Bxe3 49. Kf3 Bd4 50. Ba5 Re8 51. Bd2 Rb8 1/2-1/2

[Event "Ustron op-A"]
[Site "Ustron"]
[Date "2023.08.16"]
[Round "6"]
[White "Stankovic, Milos"]
[Black "Luczak, Filip"]
[Result "1-0"]
[WhiteElo "2475"]
[BlackElo "2317"]
[PlyCount "65"]
[EventDate "2023.08.11"]
[EventType "swiss"]
[EventRounds "9"]
[EventCountry "POL"]
[SourceTitle "CBM 215 Extra"]
[Source "ChessBase"]
[SourceDate "2023.09.30"]
[SourceVersion "1"]
[SourceVersionDate "2023.09.30"]
[SourceQuality "1"]

1. e4 e6 2. d4 d5 3. e5 c5 4. c3 Nc6 5. Nf3 Nge7 6. Na3 cxd4 7. cxd4 Nf5 8. Nc2 Be7 9. Bd3 h5 10. h4 Nxh4 11. Nxh4 Bxh4 12. g3 Be7 13. Rxh5 Rxh5 14. Qxh5 Qb6 15. Kf1 Bd7 16. Kg2 0-0-0 17. Qxf7 Nxe5 18. dxe5 Rf8 19. Qxe7 Qxf2+ 20. Kh3 Qf3 21. Bh6 Qh5+ 22. Qh4 Qxe5 23. Be3 d4 24. Bxd4 Qd5 25. Be4 e5+ 26. Kg2 Qc4 27. Bf2 Bc6 28. Bxc6 Qxc6+ 29. Kg1 Rxf2 30. Qg4+ Kb8 31. Kxf2 Qxc2+ 32. Qe2 Qc5+ 33. Kg2 1-0

[Event "Ustron op-A"]
[Site "Ustron"]
[Date "2023.08.14"]
[Round "4"]
[White "Unat, Can Haktan"]
[Black "Luczak, Filip"]
[Result "1/2-1/2"]
[WhiteElo "2239"]
[BlackElo "2317"]
[PlyCount "27"]
[EventDate "2023.08.11"]
[EventType "swiss"]
[EventRounds "9"]
[EventCountry "POL"]
[SourceTitle "CBM 215 Extra"]
[Source "ChessBase"]
[SourceDate "2023.09.30"]
[SourceVersion "1"]
[SourceVersionDate "2023.09.30"]
[SourceQuality "1"]

1. e4 c5 2. Nf3 d6 3. d4 cxd4 4. Nxd4 Nf6 5. Nc3 a6 6. Rg1 e5 7. Nb3 Be6 8. g4 h6 9. h4 Nfd7 10. h5 Be7 11. Be3 Nc6 12. Nd5 Rb8 13. Qd2 Nf6 14. f3 1/2-1/2

[Event "Ustron op-A"]
[Site "Ustron"]
[Date "2023.08.12"]
[Round "2"]
[White "Dobrovolsky, Ladislav"]
[Black "Luczak, Filip"]
[Result "1-0"]
[WhiteElo "2168"]
[BlackElo "2317"]
[PlyCount "87"]
[EventDate "2023.08.11"]
[EventType "swiss"]
[EventRounds "9"]
[EventCountry "POL"]
[SourceTitle "CBM 215 Extra"]
[Source "ChessBase"]
[SourceDate "2023.09.30"]
[SourceVersion "1"]
[SourceVersionDate "2023.09.30"]
[SourceQuality "1"]

1. c4 e6 2. Nc3 d5 3. d4 c5 4. e3 cxd4 5. exd4 Nf6 6. Nf3 Nc6 7. cxd5 Nxd5 8. Bc4 Be7 9. 0-0 0-0 10. Re1 Nxc3 11. bxc3 b6 12. Bd3 Bb7 13. h4 Re8 14. Ng5 g6 15. Qg4 f5 16. Qg3 Bxg5 17. Bxg5 Qd7 18. h5 Rac8 19. Rac1 Qf7 20. h6 Na5 21. c4 Ba6 22. c5 f4 23. Qf3 Bxd3 24. Qxd3 f3 25. Qxf3 Qxf3 26. gxf3 b5 27. Re4 Nc6 28. Rd1 Kf7 29. d5 exd5 30. Rxd5 Rc7 31. Rd6 Re5 32. Rf6+ Kg8 33. Bf4 Rxe4 34. Bxc7 Re1+ 35. Kg2 Nd4 36. Ra6 Kf7 37. Bf4 Re7 38. c6 Ke8 39. c7 Kd7 40. Rd6+ Kxc7 41. Rxd4+ Kc6 42. Rd6+ Kc5 43. Ra6 Kc4 44. Be3 1-0

[Event "Titled Tuesday intern op 08th Aug Late"]
[Site "Chess.com INT"]
[Date "2023.08.08"]
[Round "10"]
[White "Cagara, Paulina"]
[Black "Luczak, Filip"]
[Result "0-1"]
[WhiteElo "2085"]
[BlackElo "2317"]
[PlyCount "82"]
[EventDate "2023.08.08"]
[EventType "swiss (blitz)"]
[EventRounds "11"]
[EventCountry "USA"]
[SourceTitle "EXT 2024"]
[Source "ChessBase"]
[SourceDate "2023.10.10"]
[SourceVersion "1"]
[SourceVersionDate "2023.10.10"]
[SourceQuality "1"]

1. e4 e6 2. d4 d5 3. Nc3 Bb4 4. exd5 exd5 5. Bd3 Nf6 6. Bg5 h6 7. Bh4 Nbd7 8. Nge2 Nf8 9. 0-0 Ng6 10. Bxf6 gxf6 11. Ng3 Be6 12. Qf3 Be7 13. Rfe1 Qd7 14. Nh5 0-0-0 15. Nxf6 Qd6 16. Nb5 Qb6 17. a4 Kb8 18. a5 Qc6 19. Nh5 a6 20. Na3 Rhg8 21. Ng3 h5 22. b4 Bg5 23. b5 Qd7 24. bxa6 Bg4 25. Bf5 Bxf3 26. Bxd7 Bxg2 27. axb7 h4 28. a6 hxg3 29. fxg3 Be4 30. Nb5 Rxd7 31. Reb1 c6 32. a7+ Kxb7 33. Nd6+ Kc7 34. Rb7+ Kxd6 35. Rb8 Bd8 36. a8Q Ne7 37. Ra6 f5 38. Rb7 Bc7 39. Qa7 f4 40. Qc5+ Ke6 41. Rxc6+ Bd6 0-1

[Event "EU-chT U18"]
[Site "Iasi"]
[Date "2023.07.30"]
[Round "7.3"]
[White "Miazhynski, Michael"]
[Black "Luczak, Filip"]
[Result "0-1"]
[WhiteElo "2142"]
[BlackElo "2328"]
[PlyCount "68"]
[EventDate "2023.07.24"]
[EventType "team-swiss"]
[EventRounds "7"]
[EventCountry "ROU"]
[SourceTitle "CBM 215 Extra"]
[Source "ChessBase"]
[SourceDate "2023.09.30"]
[SourceVersion "1"]
[SourceVersionDate "2023.09.30"]
[SourceQuality "1"]
[WhiteTeam "Austria U18"]
[BlackTeam "Poland U18"]
[WhiteTeamCountry "AUT"]
[BlackTeamCountry "POL"]

1. e4 e6 2. d4 d5 3. e5 c5 4. c3 Nc6 5. Nf3 Bd7 6. Be2 f6 7. 0-0 fxe5 8. dxe5 Qc7 9. Re1 Nh6 10. Bxh6 gxh6 11. Nbd2 0-0-0 12. Bd3 Be7 13. a3 c4 14. Bf1 Be8 15. b3 Rf8 16. Nd4 Nxd4 17. cxd4 c3 18. Nf3 Bh5 19. Be2 c2 20. Qc1 Bxf3 21. Bxf3 Bg5 22. Qb2 Kb8 23. h4 Bd2 24. Rec1 Rc8 25. Bg4 Bxc1 26. Rxc1 Qc6 27. g3 Rg8 28. Bh3 Rg7 29. Kf1 Rgc7 30. Ke1 Qe8 31. Bf1 Qg6 32. Kd2 Qf5 33. Ke1 Qe4+ 34. Be2 Rc3 0-1

[Event "EU-chT U18"]
[Site "Iasi"]
[Date "2023.07.28"]
[Round "5.3"]
[White "Luczak, Filip"]
[Black "Guz, Ari"]
[Result "1-0"]
[WhiteElo "2328"]
[BlackElo "2334"]
[PlyCount "81"]
[EventDate "2023.07.24"]
[EventType "team-swiss"]
[EventRounds "7"]
[EventCountry "ROU"]
[SourceTitle "CBM 215 Extra"]
[Source "ChessBase"]
[SourceDate "2023.09.30"]
[SourceVersion "1"]
[SourceVersionDate "2023.09.30"]
[SourceQuality "1"]
[WhiteTeam "Poland U18"]
[BlackTeam "Israel Blue U18"]
[WhiteTeamCountry "POL"]
[BlackTeamCountry "ISR"]

1. d4 d5 2. Nc3 Nf6 3. Bf4 a6 4. e3 b5 5. a3 e6 6. g4 c5 7. g5 Nfd7 8. h4 Nc6 9. Nf3 Nb6 10. h5 Bd6 11. dxc5 Bxc5 12. h6 g6 13. Qd2 0-0 14. Rg1 Bb7 15. 0-0-0 Nd7 16. Bh3 b4 17. Na4 Qa5 18. b3 bxa3 19. Qxa5 Nxa5 20. Ne5 Nxe5 21. Nxc5 Nec6 22. Kb1 Bc8 23. Bd6 Rd8 24. Bc7 Re8 25. Bg2 Ra7 26. Bb6 Rae7 27. e4 Nb7 28. Nxa6 Nd6 29. Nc7 Rxc7 30. Bxc7 Nb5 31. Bb6 Nc3+ 32. Ka1 Nxd1 33. Rxd1 d4 34. e5 Nxe5 35. Rxd4 Ba6 36. c4 f6 37. gxf6 Nf7 38. Rd7 Nxh6 39. Rg7+ Kh8 40. f7 Rd8 41. Rg8+ 1-0

[Event "EU-chT U18"]
[Site "Iasi"]
[Date "2023.07.27"]
[Round "4.3"]
[White "Luczak, Filip"]
[Black "Pasti, Aron"]
[Result "1-0"]
[WhiteElo "2328"]
[BlackElo "2336"]
[PlyCount "115"]
[EventDate "2023.07.24"]
[EventType "team-swiss"]
[EventRounds "7"]
[EventCountry "ROU"]
[SourceTitle "CBM 215 Extra"]
[Source "ChessBase"]
[SourceDate "2023.09.30"]
[SourceVersion "1"]
[SourceVersionDate "2023.09.30"]
[SourceQuality "1"]
[WhiteTeam "Poland U18"]
[BlackTeam "Hungary U18"]
[WhiteTeamCountry "POL"]
[BlackTeamCountry "HUN"]

1. Nf3 d5 2. e3 c5 3. d4 e6 4. c4 dxc4 5. Bxc4 Nf6 6. 0-0 Nc6 7. dxc5 Bxc5 8. Qxd8+ Kxd8 9. a3 Ng4 10. b4 Bd6 11. Bb2 Nce5 12. Nbd2 Bd7 13. h3 Nxf3+ 14. Nxf3 Nf6 15. Rfd1 Ke7 16. Ne5 Bxe5 17. Bxe5 Rhc8 18. Bb3 Bc6 19. f3 a5 20. e4 a4 21. Ba2 g6 22. Rac1 Bb5 23. Bd6+ Ke8 24. Kf2 Rxc1 25. Rxc1 Bc6 26. Ke3 Kd7 27. Rd1 Ne8 28. Be5+ Ke7 29. Bc4 Rc8 30. Be2 Rd8 31. Bd4 Rc8 32. Bc5+ Kf6 33. b5 Bxe4 34. Rc1 Rxc5 35. Rxc5 Bd5 36. b6 Nd6 37. Bd3 h5 38. h4 Ke5 39. f4+ Kf6 40. g3 Nf5+ 41. Bxf5 Kxf5 42. Rc7 f6 43. Rg7 Bc6 44. Kd4 Be4 45. Rf7 Bh1 46. Kc5 e5 47. fxe5 Kxe5 48. Re7+ Kf5 49. Rg7 g5 50. Kd6 gxh4 51. gxh4 Kf4 52. Ke6 f5 53. Rg5 Be4 54. Rxh5 Kg4 55. Rg5+ Kxh4 56. Rxf5 Bxf5+ 57. Kxf5 Kg3 58. Ke5 1-0

[Event "EU-chT U18"]
[Site "Iasi"]
[Date "2023.07.25"]
[Round "2.3"]
[White "Luczak, Filip"]
[Black "Levin, Guy"]
[Result "1/2-1/2"]
[WhiteElo "2328"]
[BlackElo "2429"]
[PlyCount "69"]
[EventDate "2023.07.24"]
[EventType "team-swiss"]
[EventRounds "7"]
[EventCountry "ROU"]
[SourceTitle "CBM 215 Extra"]
[Source "ChessBase"]
[SourceDate "2023.09.30"]
[SourceVersion "1"]
[SourceVersionDate "2023.09.30"]
[SourceQuality "1"]
[WhiteTeam "Poland U18"]
[BlackTeam "Israel U18"]
[WhiteTeamCountry "POL"]
[BlackTeamCountry "ISR"]

1. Nf3 Nf6 2. c4 e6 3. g3 d5 4. Bg2 Nbd7 5. d4 dxc4 6. 0-0 c6 7. a4 a5 8. Qc2 b5 9. e4 Be7 10. Rd1 0-0 11. Bf4 Nb6 12. Ne5 Bb7 13. Nc3 Qe8 14. Be3 Bb4 15. h3 Rc8 16. f4 Nfd7 17. Nxd7 Nxd7 18. axb5 cxb5 19. Nxb5 f5 20. Bd2 Bxe4 21. Bxe4 fxe4 22. Bxb4 axb4 23. Nd6 Qg6 24. Nxc8 Qxg3+ 25. Qg2 Qxg2+ 26. Kxg2 Rxc8 27. Ra6 Nf6 28. Rxe6 c3 29. bxc3 Nd5 30. Rxe4 bxc3 31. Rc1 c2 32. Kh2 Rc3 33. h4 Nb4 34. Re2 Rd3 35. Rcxc2 1/2-1/2

[Event "Krakow op-A 33rd"]
[Site "Krakow"]
[Date "2023.01.03"]
[Round "8"]
[White "Cieslak, Patryk"]
[Black "Luczak, Filip"]
[Result "0-1"]
[WhiteElo "2094"]
[BlackElo "2326"]
[PlyCount "84"]
[EventDate "2022.12.27"]
[EventType "swiss"]
[EventRounds "9"]
[EventCountry "POL"]
[SourceTitle "CBM 212 Extra"]
[Source "ChessBase"]
[SourceDate "2023.03.31"]
[SourceVersion "1"]
[SourceVersionDate "2023.03.31"]
[SourceQuality "1"]

1. e4 d6 2. d4 Nd7 3. Nf3 g6 4. Bc4 Nb6 5. Bb3 Bg7 6. a4 a5 7. 0-0 e6 8. c3 Ne7 9. Nbd2 d5 10. exd5 Nbxd5 11. Ne4 b6 12. Bc4 0-0 13. Re1 Bb7 14. Bd2 Nf5 15. Ng3 Nd6 16. Bd3 c5 17. dxc5 bxc5 18. Ne4 Nxe4 19. Bxe4 Qb6 20. Qc1 Rab8 21. Rb1 Bc6 22. b3 Rfe8 23. c4 Nb4 24. Bxb4 Bxe4 25. Rxe4 Qxb4 26. Qf4 Rb7 27. h4 Qc3 28. h5 Rxb3 29. Rxb3 Qxb3 30. Ng5 Qb1+ 31. Kh2 Qb8 32. hxg6 hxg6 33. g3 Qxf4 34. gxf4 Rb8 35. Re1 Rb4 36. Rd1 Bd4 37. Ne4 Rxc4 38. Rb1 Rb4 39. Rc1 Rxa4 40. Kg3 c4 41. Rd1 c3 42. Rxd4 Rxd4 0-1